000 00894nam a2200241 a 4500
001 000015521
005 20240506202814.0
008 100212s2009 dr 000 0 spa d
020 _z9789945002416
040 _aDO-SdBNP
_bspa
_cBNPHU
082 _a303.4
_bP592r
100 1 _aPichardo Almonte, Ángel
_935052
245 1 0 _aRevolución cotidiana :
_bespiritualidad y política /
_cÁngel Pichardo Almonte.
260 _aSanto Domingo :
_bEdiciones Abre los Ojos,
_c2009.
300 _a347 p. ;
_c24 cm.
500 _aIncluye datos biográficos del autor en la solapa de la cubierta.
500 _aIncluye bibliografía y notas al pie de las páginas.
504 _aBibliografía : p. 337-347
590 _aInventariado, 2018/BT
650 4 _aCambio social
_xEnsayos, conferencias, etc.
_916520
650 0 _aDesarrollo de la comunidad
_9453
910 _aValidado. Control de calidad. EMS
999 _c15077
_d15077